The Watsons go to Birmingham--1963 : (Record no. 13005)

000 -LEADER
fixed length control field 00882cam a2200229Ia 4500
020 ## - INTERNATIONAL STANDARD BOOK NUMBER
ISBN 0590690140
020 ## - INTERNATIONAL STANDARD BOOK NUMBER
ISBN 9780590690140
040 ## - CATALOGING SOURCE
Transcribing agency DVA
082 ## - DEWEY DECIMAL CLASSIFICATION NUMBER
Classification number 813 SCH 1995 A094 Or.
100 1# - MAIN ENTRY--AUTHOR NAME
Personal name Curtis, Christopher Paul.
245 14 - TITLE STATEMENT
Title The Watsons go to Birmingham--1963 :
Remainder of title a novel /
260 ## - PUBLICATION, DISTRIBUTION, ETC. (IMPRINT)
Place of publication New York :
Name of publisher Scholastic Inc.,
Year of publication c1995,
300 ## - PHYSICAL DESCRIPTION
Number of Pages 210 p. ;
Dimensions 22 cm.
500 ## - GENERAL NOTE
General note Reprint: Originally published: New York : Delacorte Press, c1995.
500 ## - GENERAL NOTE
General note "First Scholastic printing, January 1998"--Verso t.p.
520 ## - SUMMARY, ETC.
Summary, etc The ordinary interactions and everyday routines of the Watsons, an African American family living in Flint, Michigan, are drastically changed after they go to visit Grandma in Alabama in the summer of 1963.
650 #0 - SUBJECT ADDED ENTRY--TOPICAL TERM
Topical Term African Americans
650 #0 - SUBJECT ADDED ENTRY--TOPICAL TERM
Topical Term Families
650 #0 - SUBJECT ADDED ENTRY--TOPICAL TERM
Topical Term Prejudices
650 #0 - SUBJECT ADDED ENTRY--TOPICAL TERM
Topical Term Brothers and sisters
942 ## - ADDED ENTRY ELEMENTS (KOHA)
Koha item type សៀវភៅភាសាអង់គ្លេស
952 ## - LOCATION AND ITEM INFORMATION (KOHA)
Withdrawn status [LOCAL, KOHA] 0
Holdings
Permanent Location Date acquired Koha item type Lost status Shelving location Barcode Current Location Full call number
Library Block A2017-08-19សៀវភៅភាសាអង់គ្លេស A094A17872Library Block A813 SCH 1995 A094 Or.
មជ្ឈមណ្ឌលឯការនៃសាកលវិទ្យាល័យភូមិន្ទកសិកម្មចំការដូង

Powered by Koha